000 01034nam a22002777i 4500
003 DO-SdBNP
005 20240415144929.0
007 ta
008 240415b1999 dr ac||| |||| 00| 0 spa d
040 _aDO-SdBNP
_bspa
_cBNPHU
_erda
082 4 _222
100 1 _aLeón Hiciano, Carmen P. de
_d1939-
_eautor
_985250
245 1 0 _aHistoria de Castillo :
_bsu cultura, creencias, costumbres y otras cosas /
_cCarmen P. de León Hiciano, Francisco Miguel de León Hiciano.
250 _aPrimera edición
264 _aSanto Domingo, República Dominicana :
_bEditora Centenario,
_c©1999.
300 _a 250, [3] páginas :
_bilustraciones, mapas, retratos ;
_c23 cm.
336 _2rdacontent
_atexto
_btxt
337 _2rdamedia
_asin mediación
_bn
338 _2rdacarrier
_avolumen
_bnc
440 _a
500 _aIncluye datos biográficos de la autora en la solapa de la cubierta.
590 _aInventariado, 2024 /LP
700 1 _aLeón Hiciano, Francisco Miguel de
_eautor
_985251
910 _aLP
942 _2ddc
_cLBS1
999 _c56417
_d56417